| 000 | 00366nam a2200133 a 4500 | ||
|---|---|---|---|
| 001 | 5445 | ||
| 003 | CDMR | ||
| 005 | 20130116135308.0 | ||
| 008 | 130130s1976||||||||||||||||||||||||||||d | ||
| 040 |
_aCDMR _bcat _cCDMR |
||
| 245 | 0 |
_aPremio Nacional de Periodismo Juan Mañé y Flaquer _b7ª Edición |
|
| 260 |
_aTarragona _c1976 _bAyuntamiento de Torredembarra |
||
| 942 | _cMON | ||
| 999 |
_c5445 _d5445 |
||